000 00843nam a2200229 a 4500
001 000042904
005 20201002040504.0
008 140212s1976 sp c 001 0 spa d
020 _a8433459015
040 _aDO-SdBNP
_bspa
_cBNPHU
100 1 _aNourry, Philippe
_970353
240 1 0 _aLa conquête du pouvoir
245 1 0 _aFrancisco Franco :
_bLa conquista del poder. /
_cPhilippe Nourry; traducción, Arturo Colera, Benito Gómez Ibáñez.
260 _aEspaña, :
_bEdicones Júcar,
_c1976.
300 _a446 p. :
_bretrs. ;
_c25 cm.
500 _aIncluye índice onomástico
504 _aBibliografía p: 437-438
500 _aIncluye datos biografícos del autor en la solapa de la portada.
500 _aIncluye notas a pie de páginas
700 1 _aColera, Arturo
_etrad.
_970354
700 1 _aGómez Ibáñez, Benito
_etrad.
_970355
999 _c42393
_d42393